[Event "Deutsche Einzelmeisterschaft 2012"]
[Date "2012.03.03"]
[Round "2.19"]
[Board "19"]
[White "Maehrlein, Christoph"]
[Black "Vatter, Hans-Joachim"]
[Result "0-1"]
[WhiteClock "00:18:29"]
[BlackClock "00:12:16"]
[WhiteElo "2134"]
[BlackElo "2309"]
[PlyCount "104"]

1. d4 Nf6 2. c4 e6 3. Nf3 d5 4. Nc3 dxc4 5. e4 Bb4 6. Bg5 b5 
7. a4 c6 8. e5 h6 9. exf6 hxg5 10. fxg7 Rg8 11. Be2 Bb7 12. O-O a6 
13. Ne5 Bxc3 14. bxc3 Nd7 15. Qb1 Nxe5 16. Qh7 Ke7 17. dxe5 Qc7 18. Bf3 Qxe5 
19. axb5 Rxg7 20. Qb1 axb5 21. Rxa8 Bxa8 22. Qa1 Rg8 23. Re1 Qc5 24. Qa5 Rc8 
25. Rd1 Qe5 26. Qa7+ Kf6 27. Qd7 Qc7 28. Qd4+ e5 29. Qg4 Rd8 30. Re1 Qd7 
31. Qh5 Qf5 32. h4 gxh4 33. Qh6+ Qg6 34. Qxh4+ Qg5 35. Qh3 Kg7 36. Be4 Rh8 
37. Qd7 Rd8 38. Qh3 Kf8 39. Bf3 Qf6 40. Re3 Bb7 41. Qh5 Re8 42. Be4 Re6 
43. Rf3 Qg7 44. Rg3 Qh6 45. Qd1 Rd6 46. Qa1 Qd2 47. Qa3 Ke7 48. Rf3 Qe1+ 
49. Kh2 Qxe4 50. Rxf7+ Kxf7 51. Qxd6 Qh4+ 52. Kg1 Qe7 0-1

[Event "Deutsche Einzelmeisterschaft 2012"]
[Date "2012.03.03"]
[Round "2.20"]
[Board "20"]
[White "Mueller, Michael"]
[Black "Schindler, Christian"]
[Result "0-1"]
[WhiteClock "00:02:29"]
[BlackClock "00:27:00"]
[WhiteElo "2308"]
[BlackElo "2211"]
[PlyCount "122"]

1. c4 Nf6 2. g3 g6 3. Bg2 Bg7 4. Nc3 c5 5. e3 e6 6. d4 cxd4 
7. exd4 d5 8. Nge2 dxc4 9. Qa4+ Bd7 10. Qxc4 Bc6 11. O-O Bxg2 12. Kxg2 O-O 
13. Bf4 Nbd7 14. Rfd1 Nb6 15. Qb3 Nfd5 16. a4 Nxc3 17. Nxc3 Nd5 18. Nxd5 Qxd5+ 
19. Qxd5 exd5 20. Rac1 Rac8 21. Rc5 Rfd8 22. b3 b6 23. Rb5 Rc3 24. a5 bxa5 
25. Rxa5 Rd7 26. Rb5 h6 27. h4 Kh7 28. Be3 Bf6 29. Ra1 g5 30. Ra6 Kg7 
31. h5 Bd8 32. g4 Bb6 33. Ra4 Rc6 34. Bd2 f5 35. gxf5 Kf6 36. Ba5 Kxf5 
37. Bxb6 axb6 38. Rc4 Rxc4 39. bxc4 Ke4 40. cxd5 Rd6 41. Kg3 Kxd4 42. Kg4 Rf6 
43. d6 Rxd6 44. Rf5 Kc4 45. Rf7 b5 46. Rc7+ Kb3 47. Rg7 Kc4 48. Rg6 Kd5 
49. f4 gxf4 50. Rg8 Rf6 51. Rd8+ Kc4 52. Rc8+ Kb3 53. Kf3 b4 54. Rg8 Rf5 
55. Kg4 Rc5 56. Rg6 f3 57. Rxh6 Rf5 58. Kxf5 f2 59. Rf6 f1=Q+ 60. Kg6 Qg2+ 
61. Kh7 Qe4+ 0-1

[Event "Deutsche Einzelmeisterschaft 2012"]
[Date "2012.03.03"]
[Round "2.21"]
[Board "21"]
[White "Becker, Michael"]
[Black "Amos, Frank"]
[Result "1-0"]
[WhiteClock "00:09:10"]
[BlackClock "00:23:00"]
[WhiteElo "2301"]
[BlackElo "2162"]
[PlyCount "93"]

1. e4 e5 2. Nf3 Nc6 3. Bc4 Bc5 4. d3 d6 5. c3 Bb6 6. Ng5 Nh6 
7. h3 Na5 8. Bb5+ Nc6 9. Na3 a6 10. Ba4 Qf6 11. O-O Qg6 12. Kh1 f6 
13. Nf3 Qh5 14. Nh2 Qxd1 15. Bxd1 Nf7 16. Nc4 Ba7 17. Be3 Be6 18. Bxa7 Rxa7 
19. Ne3 Ne7 20. Bb3 Bxb3 21. axb3 Kd7 22. Rfd1 c6 23. d4 Kc7 24. Nf3 Raa8 
25. b4 Rhe8 26. Ra5 b6 27. Ra2 Red8 28. Kg1 d5 29. dxe5 fxe5 30. exd5 cxd5 
31. Kf1 Kc6 32. Ng4 Ng6 33. b3 a5 34. Rda1 Kb5 35. Ne3 d4 36. cxd4 exd4 
37. Nc4 Kxb4 38. Nxb6 Ra6 39. Nc4 a4 40. Nfd2 Rda8 41. bxa4 d3 42. Rc1 Re8 
43. Ne3 Ka5 44. Rb2 Rf6 45. Nd5 Rd6 46. Rc5+ Kxa4 47. Nf3 1-0

[Event "Deutsche Einzelmeisterschaft 2012"]
[Date "2012.03.04"]
[Round "3.1"]
[Board "1"]
[White "Fridman, Daniel"]
[Black "Svane, Rasmus"]
[Result "1-0"]
[WhiteClock "00:33:00"]
[BlackClock "00:24:00"]
[WhiteElo "2653"]
[BlackElo "2401"]
[PlyCount "87"]

1. d4 d5 2. c4 e6 3. Nc3 Be7 4. cxd5 exd5 5. Bf4 Nf6 6. e3 Bf5 
7. Qb3 Nc6 8. g4 Nxg4 9. Qxd5 Qxd5 10. Nxd5 Bb4+ 11. Nxb4 Nxb4 12. Rc1 Nd5 
13. h3 Ngf6 14. Be5 O-O 15. Ne2 Nd7 16. Bh2 c6 17. Ng3 Bg6 18. h4 N7f6 
19. Be2 h5 20. Kd2 Rfe8 21. Bg1 Ng4 22. Nf1 Rad8 23. f3 Ngf6 24. Ng3 Rd7 
25. a3 Rde7 26. e4 Nf4 27. Bc4 Rd7 28. Kc3 Rc8 29. Bf1 Re7 30. Rh2 Ne8 
31. Kd2 Nc7 32. Be3 Nce6 33. Nf5 Rd7 34. Ke1 Rcd8 35. Kf2 Bh7 36. Bc4 Ng6 
37. Rg2 Nxd4 38. Bxd4 Rxd4 39. Nxd4 Rxd4 40. Ke3 Rd7 41. Rg5 Nxh4 42. Rcg1 Kh8 
43. Rxh5 Ng6 44. Bxf7 1-0

[Event "Deutsche Einzelmeisterschaft 2012"]
[Date "2012.03.04"]
[Round "3.4"]
[Board "4"]
[White "Libeau, Rene Andre"]
[Black "Khenkin, Igor"]
[Result "0-1"]
[WhiteClock "00:03:53"]
[BlackClock "00:04:33"]
[WhiteElo "2399"]
[BlackElo "2632"]
[PlyCount "52"]

1. d4 d5 2. Nf3 c6 3. e3 Nf6 4. c4 e6 5. Nbd2 c5 6. dxc5 Bxc5 
7. a3 a5 8. Nb3 Bb6 9. cxd5 exd5 10. Nbd4 O-O 11. Be2 Ne4 12. Bd2 Bxd4 
13. exd4 Qb6 14. Bc3 Bg4 15. O-O Nd7 16. Re1 Rac8 17. Rc1 Ndf6 18. h3 Bh5 
19. Ne5 Nxc3 20. bxc3 Bxe2 21. Rxe2 Rc7 22. Rb1 Qa6 23. Re3 Ne4 24. Rc1 a4 
25. Qc2 Rfc8 26. Qa2 Nxc3 0-1

[Event "Deutsche Einzelmeisterschaft 2012"]
[Date "2012.03.04"]
[Round "3.5"]
[Board "5"]
[White "Buhmann, Rainer"]
[Black "Wagner, Dennis"]
[Result "1-0"]
[WhiteClock "00:06:22"]
[BlackClock "00:14:29"]
[WhiteElo "2614"]
[BlackElo "2379"]
[PlyCount "119"]

1. Nf3 d5 2. d4 Nf6 3. c4 dxc4 4. e3 Bg4 5. Bxc4 e6 6. h3 Bh5 
7. Nc3 Nc6 8. O-O a6 9. Be2 Bd6 10. a3 Qe7 11. b4 O-O 12. Bb2 Rfd8 
13. Nd2 Bxe2 14. Qxe2 Nd5 15. Nce4 f5 16. Nc5 Rdb8 17. Nf3 Nd8 18. Rfe1 a5 
19. b5 b6 20. Nd3 Nf7 21. a4 Rf8 22. Nde5 Ng5 23. Nxg5 Qxg5 24. Ba3 Rf6 
25. Bxd6 cxd6 26. Nf3 Qh5 27. Rac1 Qe8 28. Rc6 Qd7 29. Rec1 Rff8 30. Nd2 Rfc8 
31. Qc4 Rd8 32. e4 fxe4 33. Nxe4 Qe7 34. Qb3 Ra7 35. Qg3 Rad7 36. Re1 h6 
37. Nc3 Nxc3 38. Qxc3 Rb7 39. Qb3 Re8 40. Qa3 Rd8 41. Qg3 Kh7 42. Qg4 Re8 
43. Qe4+ Kg8 44. Qg6 Qf7 45. Qg3 e5 46. Rxd6 exd4 47. Rxe8+ Qxe8 48. Rxd4 Re7 
49. Qd3 Qf7 50. Rd8+ Re8 51. Qd4 Rxd8 52. Qxd8+ Kh7 53. Qxb6 Qf4 54. Qc5 Qxa4 
55. b6 Qa1+ 56. Kh2 Qb2 57. Qf5+ Kh8 58. Qxa5 Qxf2 59. Qa8+ Kh7 60. Qe4+ 1-0

[Event "Deutsche Einzelmeisterschaft 2012"]
[Date "2012.03.04"]
[Round "3.7"]
[Board "7"]
[White "Feuerstack, Aljoscha"]
[Black "Kabisch, Thilo"]
[Result "1-0"]
[WhiteClock "00:32:00"]
[BlackClock "00:24:00"]
[WhiteElo "2438"]
[BlackElo "2319"]
[PlyCount "101"]

1. e4 c5 2. Nf3 Nc6 3. c3 d5 4. exd5 Qxd5 5. d4 g6 6. Be2 Nf6 
7. c4 Qd6 8. d5 Ne5 9. Nc3 Bd7 10. O-O Nxf3+ 11. Bxf3 Bg7 12. Re1 O-O 
13. Bg5 Rfe8 14. Qd2 Rad8 15. Qe3 a6 16. Bf4 Qb6 17. Be5 Qb4 18. Qf4 b5 
19. Be2 h5 20. a3 Qb3 21. cxb5 axb5 22. Bd1 Qc4 23. Qxc4 bxc4 24. Be2 e6 
25. d6 Rb8 26. Rab1 Rb6 27. Bxc4 Reb8 28. b3 Ne8 29. Ne4 Bxe5 30. Nxc5 Bc3 
31. Nxd7 Bxe1 32. Nxb8 Nxd6 33. Nd7 Rb7 34. Nc5 Rc7 35. Nxe6 fxe6 36. Bxe6+ Kg7 
37. Rxe1 Re7 38. Re3 Rc7 39. h4 Nb5 40. a4 Nd4 41. Bc4 Kf6 42. a5 Nf5 
43. Re6+ Kg7 44. g3 Nd4 45. Re3 Nc2 46. Rd3 Nb4 47. Rd6 Rc5 48. Rb6 Nc2 
49. Rb5 Rc6 50. a6 Kh6 51. a7 1-0

[Event "Deutsche Einzelmeisterschaft 2012"]
[Date "2012.03.04"]
[Round "3.10"]
[Board "10"]
[White "Bastian, Herbert"]
[Black "Becker, Michael"]
[Result "0-1"]
[WhiteClock "00:04:48"]
[BlackClock "00:14:35"]
[WhiteElo "2343"]
[BlackElo "2301"]
[PlyCount "70"]

1. e4 c5 2. Nc3 Nc6 3. g3 g6 4. Bg2 Bg7 5. d3 d6 6. Be3 e5 
7. Qd2 Nge7 8. Bh6 O-O 9. Bxg7 Kxg7 10. Nf3 Nd4 11. Nxd4 cxd4 12. Ne2 Be6 
13. O-O Qd7 14. c3 dxc3 15. bxc3 Rac8 16. a4 d5 17. Rfb1 Rc7 18. Rb5 Rd8 
19. Qe3 dxe4 20. Bxe4 Nd5 21. Bxd5 Bxd5 22. Qxe5+ f6 23. Qe3 Bc6 24. Nd4 Re8 
25. Qf4 Bxb5 26. Nxb5 Rc6 27. d4 g5 28. Qf3 Rce6 29. d5 Re1+ 30. Rxe1 Rxe1+ 
31. Kg2 g4 32. Qd3 a6 33. Na3 Qxa4 34. h3 Qxa3 35. d6 Qc1 0-1

[Event "Deutsche Einzelmeisterschaft 2012"]
[Date "2012.03.04"]
[Round "3.11"]
[Board "11"]
[White "Alber, Horst"]
[Black "Meissner, Felix"]
[Result "1-0"]
[WhiteClock "00:07:48"]
[BlackClock "00:07:07"]
[WhiteElo "2340"]
[BlackElo "2258"]
[PlyCount "115"]

1. d4 Nf6 2. c4 g6 3. Nc3 Bg7 4. e4 d6 5. h3 O-O 6. Be3 e5 
7. d5 a5 8. g4 Na6 9. Nge2 Nc5 10. Ng3 a4 11. Qd2 c6 12. Be2 Qa5 
13. O-O Ne8 14. Qc2 a3 15. b3 Na6 16. dxc6 bxc6 17. Na4 c5 18. Rad1 Nb4 
19. Qd2 Bb7 20. Nc3 Nc6 21. Nb5 Qxd2 22. Bxd2 Nd4 23. Nxd4 exd4 24. b4 Nf6 
25. Bd3 Rfe8 26. bxc5 dxc5 27. Rfe1 Nd7 28. f4 Bc6 29. Rb1 Bf6 30. g5 Bd8 
31. e5 Ba5 32. Bxa5 Rxa5 33. Be4 Rc8 34. Bxc6 Rxc6 35. Rb7 Nf8 36. Ne4 Ra4 
37. Rb8 Rb4 38. Rb1 Rxb1+ 39. Rxb1 Rc8 40. Kf2 Ne6 41. Kf3 Rd8 42. Nf6+ Kg7 
43. Nd5 Ra8 44. Ke4 h6 45. gxh6+ Kxh6 46. Rb7 Kg7 47. Nc7 Nxc7 48. Rxc7 Rd8 
49. e6 Kf6 50. exf7 d3 51. Rd7 Rh8 52. Rxd3 Kxf7 53. Rxa3 Rd8 54. Ke5 Rd4 
55. Rc3 Rd2 56. a4 Ra2 57. Kd5 Rxa4 58. Kxc5 1-0

[Event "Deutsche Einzelmeisterschaft 2012"]
[Date "2012.03.04"]
[Round "3.12"]
[Board "12"]
[White "Dranischnikov, Egor"]
[Black "Reipsch, Jens"]
[Result "1-0"]
[WhiteClock "00:09:41"]
[BlackClock "00:31:00"]
[WhiteElo "2327"]
[BlackElo "2217"]
[PlyCount "75"]

1. d4 Nf6 2. Nf3 c6 3. e3 g6 4. c4 Bg7 5. Nc3 d5 6. Be2 O-O 
7. O-O Nbd7 8. cxd5 Nxd5 9. Nxd5 cxd5 10. Qb3 Nf6 11. Bd2 Ne4 12. Rfc1 Nxd2 
13. Nxd2 Qa5 14. Nf3 b6 15. a4 Bg4 16. Qa3 b5 17. axb5 Qd8 18. Rc6 e5 
19. dxe5 Bxf3 20. Bxf3 Bxe5 21. Rd1 Qb8 22. Rxd5 Bxh2+ 23. Kh1 Be5 24. Qc5 Bxb2 
25. Rd7 Qe8 26. Rcc7 Rb8 27. Rxa7 Rc8 28. Bc6 Qe6 29. Qd5 Qf6 30. Kg1 Bc3 
31. Kf1 Rce8 32. Qf3 Qh4 33. Kg1 Re5 34. g3 Qh3 35. Rxf7 Rf5 36. Rxf8+ Kxf8 
37. Qe4 Re5 38. Qd3 1-0

[Event "Deutsche Einzelmeisterschaft 2012"]
[Date "2012.03.04"]
[Round "3.14"]
[Board "14"]
[White "Vatter, Hans-Joachim"]
[Black "Rolle, Eric"]
[Result "1-0"]
[WhiteClock "00:34:00"]
[BlackClock "00:00:34"]
[WhiteElo "2309"]
[BlackElo "2198"]
[PlyCount "81"]

1. e4 e5 2. Nf3 Nc6 3. Bc4 Nf6 4. Ng5 d5 5. exd5 Na5 6. Bb5+ c6 
7. dxc6 bxc6 8. Bd3 Be7 9. O-O h6 10. Ne4 Nd5 11. Re1 O-O 12. Ng3 Qc7 
13. Bf5 c5 14. d3 Rb8 15. Nc3 Nxc3 16. bxc3 Rb6 17. Qe2 Bxf5 18. Nxf5 Bf6 
19. Ne3 Rd8 20. Bd2 Bg5 21. c4 Nc6 22. Nd5 Rxd5 23. cxd5 Nd4 24. Qd1 Bxd2 
25. Qxd2 Rg6 26. Re3 Qd7 27. Rg3 Rxg3 28. hxg3 Qxd5 29. c3 Ne6 30. Qe2 Ng5 
31. Re1 f6 32. Rb1 Qd6 33. Rb7 Qa6 34. Rb8+ Kh7 35. Qc2 Qd6 36. Rb7 a6 
37. d4+ e4 38. f4 cxd4 39. fxg5 d3 40. Qa4 Qe6 41. Qd7 1-0

[Event "Deutsche Einzelmeisterschaft 2012"]
[Date "2012.03.04"]
[Round "3.15"]
[Board "15"]
[White "Schuetze, Norman"]
[Black "Mueller, Oliver"]
[Result "0-1"]
[WhiteClock "00:00:00"]
[BlackClock "00:00:00"]
[WhiteElo "2258"]
[BlackElo "2327"]
[PlyCount "70"]

1. e4 c5 2. Nf3 d6 3. d4 cxd4 4. Nxd4 Nf6 5. Nc3 a6 6. Be3 e5 
7. Nb3 Be6 8. f3 Be7 9. Qd2 O-O 10. O-O-O a5 11. Bb5 Na6 12. Qe2 Qb8 
13. g4 Rc8 14. g5 Ne8 15. Bxe8 Rxe8 16. f4 Rc8 17. f5 Bc4 18. Qg2 Nb4 
19. Kb1 a4 20. Nd2 a3 21. Nxc4 Rxc4 22. Nd5 Nxd5 23. Rxd5 axb2 24. f6 Bf8 
25. fxg7 Bxg7 26. Rb5 Rca4 27. Rxb2 d5 28. Rd1 d4 29. Bg1 Bf8 30. Rd3 Ba3 
31. Rb5 Bb4 32. Rb3 Bc3 33. Rxb7 Qxb7 34. Rxb7 Rxa2 35. Rb8+ Kg7 0-1

[Event "Deutsche Einzelmeisterschaft 2012"]
[Date "2012.03.04"]
[Round "3.16"]
[Board "16"]
[White "Nuber, Korbinian"]
[Black "Koehler, Gerhard, Dr."]
[Result "1-0"]
[WhiteClock "00:01:09"]
[BlackClock "00:08:48"]
[WhiteElo "2308"]
[BlackElo "2122"]
[PlyCount "81"]

1. e4 c5 2. Nc3 g6 3. Nf3 Bg7 4. g3 Nc6 5. Bg2 d6 6. O-O e6 
7. d3 Nge7 8. Bg5 h6 9. Be3 Nd4 10. Qd2 Rb8 11. Rab1 a6 12. b4 b6 
13. bxc5 dxc5 14. Ne2 Bb7 15. Bxd4 cxd4 16. Qb4 b5 17. Nfxd4 O-O 18. Nb3 Nc6 
19. Qd2 Ne5 20. h3 Qb6 21. Kh2 Rfd8 22. Qe1 Rbc8 23. f4 Nd7 24. Qd2 Nc5 
25. Qe3 Na4 26. Qxb6 Nxb6 27. Rfc1 Na4 28. e5 Bxg2 29. Kxg2 Bf8 30. c4 Ba3 
31. Rd1 Nb2 32. Rd2 bxc4 33. dxc4 Nxc4 34. Rxd8+ Rxd8 35. Nc3 Kg7 36. Kf2 Rc8 
37. Ne4 Nb2 38. Nd4 Nd3+ 39. Ke3 Nc5 40. Nd6 Rd8 41. Nc2 1-0

[Event "Deutsche Einzelmeisterschaft 2012"]
[Date "2012.03.04"]
[Round "3.18"]
[Board "18"]
[White "Schulz, Karsten"]
[Black "Riegler, Dieter"]
[Result "1-0"]
[WhiteClock "00:00:00"]
[BlackClock "00:00:00"]
[WhiteElo "2289"]
[BlackElo "2118"]
[PlyCount "71"]

1. c4 g6 2. g3 Bg7 3. Bg2 d6 4. Nc3 Nf6 5. e4 O-O 6. Nge2 e5 
7. O-O Be6 8. d3 Qd7 9. Be3 Nc6 10. f3 a6 11. Qd2 Rab8 12. Nd5 Ne8 
13. d4 Bh3 14. Rac1 Bxg2 15. Kxg2 f6 16. dxe5 fxe5 17. c5 Qe6 18. cxd6 cxd6 
19. Bb6 Rf7 20. b3 h5 21. Qd3 Bh6 22. Rc2 Kh7 23. Be3 Bxe3 24. Qxe3 Nc7 
25. Rd2 Nb5 26. Ng1 Kg7 27. Nh3 Qe8 28. f4 Ne7 29. f5 Nxd5 30. Rxd5 Rf6 
31. Ng5 Nc7 32. Rd2 gxf5 33. exf5 Qc6+ 34. Ne4 Kf7 35. Qf3 Rh8 36. Nxf6 1-0

[Event "Deutsche Einzelmeisterschaft 2012"]
[Date "2012.03.04"]
[Round "3.19"]
[Board "19"]
[White "Andre, Gordon"]
[Black "Bartsch, Berthold"]
[Result "1-0"]
[WhiteClock "00:02:46"]
[BlackClock "00:02:21"]
[WhiteElo "2384"]
[BlackElo "2284"]
[PlyCount "71"]

1. d4 Nf6 2. c4 e5 3. dxe5 Ng4 4. Nf3 Bc5 5. e3 Nc6 6. Nc3 Ngxe5 
7. Nd4 O-O 8. Be2 d6 9. O-O Bd7 10. b3 Qh4 11. g3 Qd8 12. Bb2 Bb6 
13. Qd2 Bh3 14. Rfe1 Bg4 15. Nd5 Bxd4 16. exd4 Nf3+ 17. Bxf3 Bxf3 18. Nf4 Bg4 
19. h3 Bd7 20. d5 Ne7 21. Re2 Ng6 22. Rae1 Nxf4 23. Qxf4 Re8 24. h4 Rxe2 
25. Rxe2 Qf8 26. c5 Bb5 27. Re3 h6 28. cxd6 cxd6 29. Qb4 Ba6 30. Qd4 b6 
31. Re7 f6 32. Qe4 Bb5 33. Qe6+ Kh8 34. Rf7 Qd8 35. Rxf6 Bd3 36. Rf7 1-0

[Event "Deutsche Einzelmeisterschaft 2012"]
[Date "2012.03.04"]
[Round "3.20"]
[Board "20"]
[White "Amos, Frank"]
[Black "Mueller, Michael"]
[Result "0-1"]
[WhiteClock "00:00:59"]
[BlackClock "00:26:00"]
[WhiteElo "2162"]
[BlackElo "2308"]
[PlyCount "116"]

1. e4 c5 2. Nf3 Nc6 3. d4 cxd4 4. Nxd4 d6 5. c4 g6 6. Nc3 Bg7 
7. Be3 Nf6 8. Be2 Bd7 9. O-O O-O 10. Qd2 Re8 11. Rac1 Rc8 12. b3 Nxd4 
13. Bxd4 Bc6 14. f3 Qa5 15. Rfd1 Nd7 16. Bxg7 Kxg7 17. Qe1 a6 18. Rc2 Nf8 
19. Qf2 Ne6 20. Bf1 Qc5 21. Rb2 a5 22. g3 Qe5 23. Nd5 Nc5 24. Ne3 h5 
25. Qd2 Qf6 26. Bg2 Ra8 27. Rc2 Kg8 28. Rf1 Red8 29. Rcc1 Rdb8 30. Rcd1 b5 
31. Nd5 Bxd5 32. cxd5 Rc8 33. f4 Nb7 34. e5 Qf5 35. Qe2 Rc2 36. Qxb5 Nc5 
37. exd6 exd6 38. Qc6 Rd8 39. Rde1 Rxa2 40. Re8+ Rxe8 41. Qxe8+ Kg7 42. Kh1 Qc2 
43. Rg1 Nd3 44. h4 Nf2+ 45. Kh2 Ng4+ 46. Kh1 Qxb3 47. Qe1 Qe3 48. Qxe3 Nxe3 
49. Bf3 a4 50. Re1 Nf5 51. g4 Nxh4 52. Be2 hxg4 53. Bxg4 a3 54. Re3 Kf6 
55. Bd7 Ng2 56. Rf3 Ne1 57. Re3 Nc2 58. Re2 Rb2 0-1

[Event "Deutsche Einzelmeisterschaft 2012"]
[Date "2012.03.05"]
[Round "4.1"]
[Board "1"]
[White "Siebrecht, Sebastian"]
[Black "Fridman, Daniel"]
[Result "1/2-1/2"]
[WhiteClock "01:10:00"]
[BlackClock "01:22:00"]
[WhiteElo "2463"]
[BlackElo "2653"]
[PlyCount "43"]

1. d4 d5 2. c4 c6 3. Nc3 Nf6 4. Nf3 e6 5. Bg5 dxc4 6. e4 b5 
7. e5 h6 8. Bh4 g5 9. Nxg5 hxg5 10. Bxg5 Be7 11. exf6 Bxf6 12. Bxf6 Qxf6 
13. g3 Na6 14. Bg2 Bb7 15. Nxb5 O-O-O 16. Qa4 cxb5 17. Bxb7+ Kxb7 18. Qxb5+ Ka8 
19. Qc6+ Kb8 20. Qb5+ Ka8 21. Qc6+ Kb8 22. Qb5+ 1/2-1/2

[Event "Deutsche Einzelmeisterschaft 2012"]
[Date "2012.03.05"]
[Round "4.2"]
[Board "2"]
[White "Khenkin, Igor"]
[Black "Stern, Rene"]
[Result "1-0"]
[WhiteClock "00:05:00"]
[BlackClock "00:01:53"]
[WhiteElo "2632"]
[BlackElo "2502"]
[PlyCount "77"]

1. d4 Nf6 2. c4 e6 3. Nf3 d5 4. Nc3 Nbd7 5. cxd5 exd5 6. Bf4 c6 
7. Qc2 Nh5 8. Bd2 Nb6 9. g3 g6 10. Bg2 Bf5 11. Qb3 a5 12. Bg5 f6 
13. Bc1 a4 14. Qd1 Bb4 15. O-O Qd7 16. Ne1 O-O 17. f3 Bh3 18. Nd3 Bxg2 
19. Kxg2 Qe7 20. e4 Bxc3 21. bxc3 dxe4 22. Nc5 exf3+ 23. Qxf3 Nc4 24. Bh6 Rfe8 
25. g4 Qe2+ 26. Kh3 g5 27. Qxe2 Rxe2 28. gxh5 Rae8 29. Rf3 R8e3 30. Rg3 Nd2 
31. Kg4 b6 32. Rxe3 Rxe3 33. Nd7 Kf7 34. Nxf6 Rxc3 35. Nxh7 Rd3 36. Nxg5+ Kf6 
37. Nh7+ Kf7 38. Bxd2 Rxd4+ 39. Bf4 1-0

[Event "Deutsche Einzelmeisterschaft 2012"]
[Date "2012.03.05"]
[Round "4.3"]
[Board "3"]
[White "Bluebaum, Matthias"]
[Black "Buhmann, Rainer"]
[Result "1/2-1/2"]
[WhiteClock "00:29:00"]
[BlackClock "00:13:16"]
[WhiteElo "2407"]
[BlackElo "2614"]
[PlyCount "60"]

1. d4 d5 2. c4 c6 3. Nf3 Nf6 4. e3 a6 5. Qc2 g6 6. Bd3 Bg7 
7. Nc3 O-O 8. O-O Bg4 9. Ne5 Be6 10. c5 Nbd7 11. Nxd7 Bxd7 12. Bd2 Ng4 
13. h3 Nh6 14. Ne2 Bf5 15. Ng3 Bxd3 16. Qxd3 Qd7 17. Rab1 e6 18. b4 Nf5 
19. Nxf5 exf5 20. a4 h5 21. Bc3 Rfe8 22. b5 axb5 23. axb5 Bh6 24. Ra1 Rxa1 
25. Rxa1 f4 26. exf4 Bxf4 27. Bd2 Bxd2 28. bxc6 bxc6 29. Qxd2 Kg7 30. Re1 Rxe1+ 
1/2-1/2

[Event "Deutsche Einzelmeisterschaft 2012"]
[Date "2012.03.05"]
[Round "4.4"]
[Board "4"]
[White "Huschenbeth, Niclas"]
[Black "Feuerstack, Aljoscha"]
[Result "1-0"]
[WhiteClock "00:02:47"]
[BlackClock "00:05:45"]
[WhiteElo "2509"]
[BlackElo "2438"]
[PlyCount "107"]

1. g3 Nf6 2. Bg2 c6 3. Nf3 d5 4. c4 Bf5 5. cxd5 cxd5 6. O-O Nc6 
7. Qb3 e5 8. d3 Qd7 9. Bg5 Be7 10. Nc3 Be6 11. Qa4 h6 12. Bxf6 Bxf6 
13. e4 dxe4 14. dxe4 O-O 15. Rfd1 Qc7 16. Rac1 Qb6 17. Nd5 Bxd5 18. exd5 Nd4 
19. Nxd4 exd4 20. h4 Rfe8 21. Qc2 Qa6 22. Bf3 Qxa2 23. Ra1 d3 24. Qxd3 Qxb2 
25. Rab1 Qc3 26. Qxc3 Bxc3 27. d6 Rab8 28. d7 Red8 29. Rxb7 Rxb7 30. Bxb7 Kf8 
31. Bc6 Ke7 32. Rb1 Kd6 33. Ba4 Bd4 34. Kg2 Bb6 35. Rc1 Rf8 36. Rc8 Rd8 
37. g4 Rxd7 38. Bxd7 Kxd7 39. Rg8 Bd4 40. Kf3 Ke6 41. Re8+ Kd5 42. Ke2 a5 
43. Ra8 Bc3 44. Ra7 Ke6 45. h5 Kf6 46. Kd3 Be1 47. f4 Ke6 48. Ke4 f5+ 
49. gxf5+ Kf6 50. Ra6+ Kf7 51. f6 gxf6 52. Kf5 Bc3 53. Ra7+ Kf8 54. Kg6 1-0

[Event "Deutsche Einzelmeisterschaft 2012"]
[Date "2012.03.05"]
[Round "4.5"]
[Board "5"]
[White "Svane, Rasmus"]
[Black "Vatter, Hans-Joachim"]
[Result "1/2-1/2"]
[WhiteClock "00:19:06"]
[BlackClock "00:01:54"]
[WhiteElo "2401"]
[BlackElo "2309"]
[PlyCount "115"]

1. Nf3 c5 2. c4 g6 3. d4 cxd4 4. Nxd4 Nf6 5. Nc3 Nc6 6. g3 Bg7 
7. Bg2 O-O 8. O-O Qa5 9. Nb3 Qh5 10. h3 d6 11. Nd5 Nxd5 12. cxd5 Nb8 
13. g4 Qh4 14. Nd4 f5 15. Nf3 Qf6 16. g5 Qf7 17. Nd4 f4 18. Ne6 Bxe6 
19. dxe6 Qf5 20. Bxb7 Qxh3 21. Qd5 Rf5 22. Qg2 Qh4 23. Bxa8 Rxg5 24. Bd2 Be5 
25. Rfc1 Na6 26. Rab1 Nc5 27. b4 Nxe6 28. a4 Bd4 29. e3 fxe3 30. fxe3 Rxg2+ 
31. Bxg2 Nf4 32. exd4 Ne2+ 33. Kf1 Ng3+ 34. Kf2 Ne4+ 35. Ke2 Qf2+ 36. Kd3 Qxd2+ 
37. Kxe4 Qxg2+ 38. Ke3 d5 39. Rd1 g5 40. a5 g4 41. b5 Qe4+ 42. Kf2 Qf3+ 
43. Ke1 h5 44. Kd2 Qa3 45. a6 h4 46. b6 axb6 47. Ra1 Qb2+ 48. Kd3 Qb3+ 
49. Kd2 Qb2+ 50. Ke3 Qc3+ 51. Kf4 Qf3+ 52. Kg5 Qf6+ 53. Kxg4 Qg6+ 54. Kxh4 Qe4+ 
55. Kg3 Qe3+ 56. Kg2 Qe2+ 57. Kg1 Qe3+ 58. Kg2 1/2-1/2

[Event "Deutsche Einzelmeisterschaft 2012"]
[Date "2012.03.05"]
[Round "4.6"]
[Board "6"]
[White "Nuber, Korbinian"]
[Black "Kotainy, Jens"]
[Result "0-1"]
[WhiteClock "00:05:38"]
[BlackClock "00:16:48"]
[WhiteElo "2308"]
[BlackElo "2392"]
[PlyCount "68"]

1. e4 e6 2. d4 d5 3. Bd3 c5 4. exd5 exd5 5. Nf3 Nf6 6. O-O c4 
7. Be2 Bd6 8. b3 cxb3 9. axb3 O-O 10. Bg5 Nc6 11. h3 h6 12. Bxf6 Qxf6 
13. Na3 Be6 14. c4 Rad8 15. c5 Bb8 16. Bd3 g5 17. Nc2 g4 18. Nh2 gxh3 
19. g3 Kh8 20. Qd2 Rg8 21. b4 a6 22. Rab1 h5 23. b5 axb5 24. Rxb5 Bf4 
25. Qd1 h4 26. Kh1 hxg3 27. fxg3 Rxg3 28. Rxb7 Qh6 29. Ne1 Rdg8 30. Nef3 Rg2 
31. Bb1 Qg7 32. Rg1 Rxh2+ 33. Nxh2 Qg2+ 34. Rxg2 hxg2+ 0-1

[Event "Deutsche Einzelmeisterschaft 2012"]
[Date "2012.03.05"]
[Round "4.9"]
[Board "9"]
[White "Lubbe, Nikolas"]
[Black "Schindler, Christian"]
[Result "1-0"]
[WhiteClock "00:52:00"]
[BlackClock "00:15:46"]
[WhiteElo "2429"]
[BlackElo "2211"]
[PlyCount "41"]

1. e4 c6 2. d4 d5 3. f3 dxe4 4. fxe4 e5 5. Nf3 exd4 6. Bc4 Be6 
7. Bxe6 fxe6 8. O-O Be7 9. Nxd4 Nf6 10. e5 Bc5 11. c3 Bxd4+ 12. cxd4 Nd5 
13. Nc3 Nxc3 14. bxc3 Na6 15. Qh5+ g6 16. Qh6 Qd7 17. Bg5 Rg8 18. Rf3 Qg7 
19. Qh3 Kd7 20. Bh6 Qe7 21. Raf1 1-0

[Event "Deutsche Einzelmeisterschaft 2012"]
[Date "2012.03.05"]
[Round "4.10"]
[Board "10"]
[White "Degtiarev, Evgeny"]
[Black "Libeau, Rene Andre"]
[Result "1/2-1/2"]
[WhiteClock "00:03:50"]
[BlackClock "00:12:13"]
[WhiteElo "2342"]
[BlackElo "2399"]
[PlyCount "52"]

1. d4 e6 2. c4 f5 3. g3 Nf6 4. Bg2 c6 5. Nh3 Be7 6. O-O d6 
7. b4 O-O 8. Qb3 a5 9. bxa5 Qxa5 10. a4 Na6 11. Ba3 Kh8 12. Nf4 e5 
13. dxe5 Qxe5 14. Nd3 Qe6 15. Nd2 Ne4 16. Rad1 Bg5 17. Nf4 Bxf4 18. Nxe4 fxe4 
19. gxf4 Nc5 20. Qe3 Re8 21. Bxc5 dxc5 22. Qxc5 Rxa4 23. Rd4 Qf5 24. Qe7 Qe6 
25. Qc5 Qf5 26. Qe7 Qe6 1/2-1/2

[Event "Deutsche Einzelmeisterschaft 2012"]
[Date "2012.03.05"]
[Round "4.12"]
[Board "12"]
[White "Wagner, Dennis"]
[Black "Scheider, Julian"]
[Result "1-0"]
[WhiteClock "00:50:00"]
[BlackClock "00:31:00"]
[WhiteElo "2379"]
[BlackElo "2275"]
[PlyCount "51"]

1. d4 Nf6 2. c4 c5 3. d5 b5 4. cxb5 a6 5. bxa6 g6 6. Nc3 Bxa6 
7. g3 d6 8. Bg2 Bg7 9. Nf3 Nbd7 10. Rb1 O-O 11. O-O Qa5 12. Qc2 Rfb8 
13. Bd2 Ne8 14. a4 Qd8 15. b3 Nc7 16. Rfd1 Bc8 17. e4 Nb6 18. Ne2 Na6 
19. Bc3 Nd7 20. Bxg7 Kxg7 21. Qc3+ Kg8 22. e5 Nf8 23. Nf4 Rb4 24. Nd3 Rb7 
25. Ng5 Bg4 26. e6 1-0